Obras espirituales del venerable Padre Luis de la Puente, de la Compañía de Jesus, natural de la ciudad de Valladolid

Detalles Bibliográficos
Autor principal: Puente, Luis de la 1554-1624
Formato: Libro
Lenguaje:Spanish
Publicado: en Madrid 1690
Materias:
Colección:Banco de datos
Acervo:Biblioteca de la Congregación del Oratorio de San Felipe Neri de México. Iglesia La Profesa
Descripción Física:5 t. f°
Tema general:Ascética
Notas:Portada tipográfica con orla, pleca y monograma de la Sociedad de Jesús en grabado xilográfico. Falta portada del t. 2 (3883); t. 2, v. 2 (2763, 3882). Texto a dos columnas con apostillas marginales. Incluyen cabeceras de título en grabado xilográfico. Incluyen capitulares floreadas en grabado xilográfico. Cada tomo con portada y numeración propias. Año de los t. 1-2 publicados en 1690. Paginación:t. 1 [30] h., 380 p., [8] h.; t. 2 [1] h., 445 p., [12] h.; t. 2, v. 1 [4] h., 320 p.; t. 2, v. 2 [6] h., 299 p., [6] h. Encuadernación en pergamino (2763). Encuadernación en piel sobre cartón (3880-3883). Marca de fuego: Hospicio de San Felipe Neri, ciudad de México (2763). Sello en tinta del Oratorio de San Felipe Neri de México. Biblioteca La Profesa, D.F. (2763, 3880-3883). Daños de humedad (3880, 3881, 3883). Testigo: anotación manuscrita en la p. 249 (3881)
LEADER 01906nam a22001930004500
035 |a 1597 
041 0 |a spa 
100 1 |a Puente, Luis de la  |d 1554-1624 
245 1 0 |a Obras espirituales del venerable Padre Luis de la Puente, de la Compañía de Jesus, natural de la ciudad de Valladolid 
260 |a en Madrid  |b en la imprenta de Antonio Roman  |c 1690 
300 |a 5 t.  |c f° 
500 |a Portada tipográfica con orla, pleca y monograma de la Sociedad de Jesús en grabado xilográfico. Falta portada del t. 2 (3883); t. 2, v. 2 (2763, 3882). Texto a dos columnas con apostillas marginales. Incluyen cabeceras de título en grabado xilográfico. Incluyen capitulares floreadas en grabado xilográfico. Cada tomo con portada y numeración propias. Año de los t. 1-2 publicados en 1690. Paginación:t. 1 [30] h., 380 p., [8] h.; t. 2 [1] h., 445 p., [12] h.; t. 2, v. 1 [4] h., 320 p.; t. 2, v. 2 [6] h., 299 p., [6] h. Encuadernación en pergamino (2763). Encuadernación en piel sobre cartón (3880-3883). Marca de fuego: Hospicio de San Felipe Neri, ciudad de México (2763). Sello en tinta del Oratorio de San Felipe Neri de México. Biblioteca La Profesa, D.F. (2763, 3880-3883). Daños de humedad (3880, 3881, 3883). Testigo: anotación manuscrita en la p. 249 (3881)  
504 |a Índice de capítulos y de las cosas más notables 
505 0 0 |a t. 1 Que contiene el primero, y segundo de las meditaciones.-- t. 2 De las meditaciones de los mysterios de nuestra de con la practica de la oracion mental sobre ellos.-- t. 2 El qual contiene el primero, y segundo de los estados, como se verà en la pagina siguiente 
650 1 0 |a Ascética 
949 |a Iglesia La Profesa, Biblioteca t. 1 (3880); t. 2 (3883); t. 2, v. 1 (2763, 3881); t. 2, v. 2 (2763, 3882) 
942 |c PROFESA 
943 |g Biblioteca de la Congregación del Oratorio de San Felipe Neri de México. Iglesia La Profesa 
999 |c 948408  |d 948408